| 000 | 00542cam a22002291 4500 | ||
|---|---|---|---|
| 001 | sa 63004539 | ||
| 003 | DLC | ||
| 005 | 20260227111949.0 | ||
| 008 | 940808s1963 ii 000 0 pano | ||
| 010 | _asa 63004539 | ||
| 025 | _aPL480:I-Pu-244 | ||
| 035 | _a(OCoLC)30906274 | ||
| 040 |
_aDLC _cCU _dCU _dTxU _dDLC |
||
| 042 | _apremarc | ||
| 050 | 0 | 0 |
_aD767.63 _b.S3 |
| 100 | 1 | _aSaiṇī, Ajīta. | |
| 245 | 1 | 0 | _aJai Hinda. |
| 260 | _c[1963] | ||
| 300 |
_a107 p. _c19 cm. |
||
| 500 | _aIn Panjabi. | ||
| 610 | 2 | 0 | _aIndian National Army. |
| 999 |
_c55710 _d55710 |
||